000
00320nam a22001217a 4500
040
_c
HS
082
_a
658
100
_a
អេង លេង
245
_a
ការគ្រប់គ្រងហិរញ្ញវត្ថុ financial management
260
_a
RUA
_b
អេង លេង
_c
2011
300
_a
NA
942
_c
KB
999
_c
9114
_d
9114